000 00832cam a2200217 4500
001 ABS65071
008 020131n2001 000 0 eng u
035 _a(Sirsi) u116570
100 _aBrauner, S
245 _aInner city stars have had support
260 _c2001
490 _aRegeneration and Renewal
_v7 December 2001, 12(1)
520 _aDiscusses the Inner City 100 index that lists the fastest growing inner city firms which purports to show how little public funding they received. Urban development corporations are blamed for the lack of support with their property-led approach and emphasis on inward investment.
590 _aABS
650 _aINNER CITY 100
650 _aURBAN DEVELOPMENT CORPORATIONS
650 _aPUBLIC FUNDING
650 _aURBAN REGENERATION
690 _aREGENERATION
942 _n0
999 _c69413
_d69413